| 000 | 00538nam a2200193Ia 4500 | ||
|---|---|---|---|
| 005 | 20250326145205.0 | ||
| 008 | 250326s9999 xx 000 0 und d | ||
| 037 | _aTextbook | ||
| 040 |
_aFMSL _beng _cFMSL |
||
| 041 |
_aeng _2eng |
||
| 084 |
_aB28 P4 _qFMSL |
||
| 100 |
_aTijms H _9750811 |
||
| 245 | 0 |
_aUnderstaning probability: chance rules in everyday life _cTijms H |
|
| 260 |
_aNY _bNY, Cambridge _c2004 |
||
| 365 | _b3910.7948999999999 | ||
| 650 | _aManagement | ||
| 942 |
_cTB _hB28 P4 |
||
| 999 |
_c1306695 _d1306695 |
||